| 000 | 00442nam a2200169 a 4500 | ||
|---|---|---|---|
| 001 | 5833 | ||
| 003 | CDMR | ||
| 005 | 20131025123358.0 | ||
| 008 | 130220s2008||||||||||||||||||||||||||||d | ||
| 040 |
_aCDMR _bcat _cCDMR |
||
| 100 | 1 |
_aLeón Álvarez, Aaron _92861 |
|
| 245 | 1 | 0 |
_aAlfonso García-Ramos _cAarón León Álvarez |
| 260 |
_aSanta Cruz de Tenerife _bIdea _c2008 |
||
| 300 |
_a213 p. ; _c22 cm |
||
| 490 | 0 | _aPeriodistas | |
| 942 |
_cMON _2udc |
||
| 999 |
_c5833 _d5833 |
||